La Fiesta del Árbol en Valldoreix
Descripción Física:
Il·lustracions
Colección:
San Jorge,
; núm. 11 (juliol 1953), pàg 98
Idioma:
Español
MARC
| LEADER | 00000naa a2200000 a 4500 | ||
|---|---|---|---|
| 003 | Arxiu | ||
| 005 | 20260324181023.0 | ||
| 008 | 160829s1953 spcaxx s spa c | ||
| 040 | |a agdb | ||
| 245 | 0 | 3 | |a La Fiesta del Árbol en Valldoreix |
| 300 | |b Il·lustracions | ||
| 490 | |a San Jorge, |v núm. 11 (juliol 1953), pàg 98 | ||
| 650 | 0 | |a Festa de l'arbre |z Barcelona (Província) |9 55267 | |
| 651 | 0 | |9 54815 |a Valldoreix (Catalunya) | |
| 773 | |g Núm. 11 (juliol 1953), pàg 98 |t San Jorge. | ||
| 901 | |a Arxiu | ||
| 942 | |n 1 |2 udc |c ART | ||
| 952 | |0 0 |1 0 |4 0 |6 REV508 |7 1 |9 64457 |a Arxiu |b Arxiu |d 2022-11-29 |o Rev-508 |r 2022-11-29 00:00:00 |w 2022-11-29 |y ARXIU |z També disponible a Rev-522 | ||
| 999 | |c 43699 |d 43699 | ||